LEADER 01234nam--2200349---450- 001 990002301600203316 005 20091130093923.0 035 $a000230160 035 $aUSA01000230160 035 $a(ALEPH)000230160USA01 035 $a000230160 100 $a20041223d1978----km-y0itay0103----ba 101 $aita 102 $aIT 105 $a||||||||001yy 200 1 $a<> liquidazione del compenso del curatore fallimentare e del commissario giudiziale nella procedura concorsuale$fGiovanni Lo Cascio 210 $aMilano$cGiuffrč$d1978 215 $a104 p.$d24 cm 225 $aQuaderni di giurisprudenza commerciale$v13 410 0$12001$aQuaderni di giurisprudenza commerciale$v13 454 1$12001 461 1$1001-------$12001 700 1$aLO CASCIO,$bGiovanni$0112104 801 0$bsalbc$gISBD 912 $a990002301600203316 951 $aXXV.3. Coll. 3/ 12 (Coll. AKG 13)$b49525 E.C.$cXXV.3. Coll. 3/ 12 (Coll. AKG)$d00252654 959 $aBK 969 $aECO 979 $aSIAV1$b10$c20041223$lUSA01$h1425 979 $aRSIAV4$b90$c20091130$lUSA01$h0939 996 $aLiquidazione del compenso del curatore fallimentare e del commissario giudiziale nella procedura concorsuale$91068341 997 $aUNISA LEADER 02281nam 2200589 450 001 9910479904303321 005 20170821171955.0 010 $a1-4704-0804-X 035 $a(CKB)3360000000464568 035 $a(EBL)3113736 035 $a(SSID)ssj0000973261 035 $a(PQKBManifestationID)11527842 035 $a(PQKBTitleCode)TC0000973261 035 $a(PQKBWorkID)10958993 035 $a(PQKB)10349058 035 $a(MiAaPQ)EBC3113736 035 $a(PPN)195412672 035 $a(EXLCZ)993360000000464568 100 $a20140905h19881988 uy 0 101 0 $aeng 135 $aur|n|---||||| 181 $ctxt 182 $cc 183 $acr 200 10$aClassification of Jacobian ideals invariant by sl(2, C) actions /$fStephan S.-T. Yau 210 1$aProvidence, Rhode Island :$cAmerican Mathematical Society,$d1988. 210 4$d©1988 215 $a1 online resource (189 p.) 225 1 $aMemoirs of the American Mathematical Society,$x0065-9266 ;$vVolume 72, Number 384 300 $a"March 1988, Volume 72, Number 384 (end of volume)." 311 $a0-8218-2447-3 320 $aIncludes bibliographical references. 327 $a""TABLE OF CONTENTS""; ""0. INTRODUCTION""; ""1. PRELIMINARIES AND STATEMENT OF RESULTS""; ""2. sl(2.C) ACTION (1.6) ON M[sup(k)][sub(5)]""; ""3. sl(2.C) ACTION (1.5) ON M[sup(k)][sub(5)]""; ""4. sl(2.C) ACTION (1.4) ON M[sup(k)][sub(5)]""; ""5. sl(2.C) ACTION (1.3) ON M[sup(k)][sub(5)]""; ""6. sl(2.C) ACTION (1.2) ON M[sup(k)][sub(5)]""; ""7. sl(2.C) ACTION (1.1) ON M[sup(k)][sub(5)]""; ""8. PROOF OF THE MAIN THEOREM"" 410 0$aMemoirs of the American Mathematical Society ;$vVolume 72, Number 384. 606 $aLie algebras 606 $aSingularities (Mathematics) 606 $aIdeals (Algebra) 606 $aPolynomials 608 $aElectronic books. 615 0$aLie algebras. 615 0$aSingularities (Mathematics) 615 0$aIdeals (Algebra) 615 0$aPolynomials. 676 $a512/.55 700 $aYau$b Stephen Shing-Toung$0884748 801 0$bMiAaPQ 801 1$bMiAaPQ 801 2$bMiAaPQ 906 $aBOOK 912 $a9910479904303321 996 $aClassification of Jacobian ideals invariant by sl(2, C) actions$92156169 997 $aUNINA LEADER 03191nam 2200565 450 001 9910452512903321 005 20200520144314.0 010 $a0-19-997073-4 035 $a(CKB)2550000001123544 035 $a(StDuBDS)AH25804135 035 $a(MiAaPQ)EBC3055689 035 $a(Au-PeEL)EBL3055689 035 $a(CaPaEBR)ebr10775396 035 $a(CaONFJC)MIL525261 035 $a(OCoLC)859536892 035 $a(EXLCZ)992550000001123544 100 $a20130403h20142014 uy 0 101 0 $aeng 135 $aur||||||||||| 181 $2rdacontent 182 $2rdamedia 183 $2rdacarrier 200 10$aAmerica is elsewhere $ethe noir tradition in the age of consumer culture /$fErik Dussere 210 1$aNew York :$cOxford University Press,$d[2014] 210 4$d©2014 215 $a1 online resource (320 pages ) $cillustrations 311 $a0-19-996992-2 311 $a1-299-94010-2 320 $aIncludes bibliographical references and index. 330 8 $aAmerica is Elsewhere provides a rigorous and creative reconsideration of hard-boiled crime fiction and the film noir tradition.$bAmerica is Elsewhere provides a rigorous and creative reconsideration of hard-boiled crime fiction and the film noir tradition within three related postwar contexts: 1) the rise of the consumer republic in the United States after World War II 2) the challenge to traditional notions of masculinity posed by a new form of citizenship based in consumption, and 3) the simultaneous creation of "authenticity effects" - representational strategies designed to safeguard an image ofboth the American male and America itself outside of and in opposition to the increasingly omnipresent marketplace. Films like Double Indemnity, Ace in the Hole, and Kiss Me Deadly alongside novels by Dashiel Hammett and Raymond Chandler provide rich examples for the first half of the study. The second islargely devoted to works less commonly understood in relation to the hard-boiled and noir canon. Examinations of the conspiracy films from the Seventies and Eighties-like Klute and The Parallax View-novels by Thomas Pynchon, Chester Himes and William Gibson reveal the persistence and evolution of these authenticity effects across the second half of the American twentieth century. 606 $aDetective and mystery stories, American$xHistory and criticism 606 $aNoir fiction, American$xHistory and criticism 606 $aFilm noir$zUnited States$xHistory and criticism 606 $aNational characteristics, American, in literature 606 $aMasculinity in literature 608 $aElectronic books. 615 0$aDetective and mystery stories, American$xHistory and criticism. 615 0$aNoir fiction, American$xHistory and criticism. 615 0$aFilm noir$xHistory and criticism. 615 0$aNational characteristics, American, in literature. 615 0$aMasculinity in literature. 676 $a813/.087209 700 $aDussere$b Erik$f1968-$01051952 801 0$bMiAaPQ 801 1$bMiAaPQ 801 2$bMiAaPQ 906 $aBOOK 912 $a9910452512903321 996 $aAmerica is elsewhere$92482860 997 $aUNINA